| 000 | 00547nam a2200145Ia 4500 | ||
|---|---|---|---|
| 008 | 140724s9999 xx 000 0 und d | ||
| 050 |
_aRC 440 _b.Al323 2012 |
||
| 100 | _aAlas, Karla Patricia C. | ||
| 245 |
_aCoping skills and the academic performance of CAA Elementary School students with attention deficit - Like behavior / _cKarla Patricia C. Alas. |
||
| 260 |
_aLas PiƱas, Philippines : _bSouthville International School and Colleges, _cc2012. |
||
| 300 |
_a58 p. : _bill. ; _c28 cm. |
||
| 521 | _aNursing | ||
| 942 | _cTH | ||
| 999 |
_c229210 _d229210 |
||